| 000 | 00338nam a22001457a 4500 | ||
|---|---|---|---|
| 020 | _a0-345-32298-3 | ||
| 082 |
_a030 _bFLE/R |
||
| 100 | _aFLEXNER, STUART BERG | ||
| 100 | _aSTEIN, JESS | ||
| 245 | _aTHE RANDOM HOUSE DICTIONARY | ||
| 260 |
_aNEW YORK _bRANDON HOUSE _c1989 |
||
| 300 | _a1055 | ||
| 650 |
_aDICTIONARY _zINDIA |
||
| 942 | _cBK | ||
| 999 |
_c2092 _d2092 |
||